00400nam a2200121Ia 4500008004100000100002100041245005200062245002200114260000900136856004100145999001900186952007300205160531s9999 xx 000 0 und d aSantoro, Bianca. aIntroduction to Evolution Equations in Geometry cby Bianca Santoro c2012 uhttp://arxiv.org/pdf/1205.1039v1.pdf c295124d295124 001040aCLbCLd2016-05-31l0r2016-05-31 00:00:00w2016-05-31yCBE